000 01523nam a2200289 i 4500
003 DO-SdBNP
005 20260224100502.0
007 ta
008 240201b2023 dr ac||| |||| 00| 0 spa d
040 _aDO-SdBNP
_bspa
_cBNPHU
_erda
082 4 _a306.87
_bR468f
_222
100 1 _aRhamírez, Augusto V
_eautor
_984833
245 1 0 _aLa familia hispana :
_bmanual de educación temprana /
_cAugusto V. Rhamírez
264 _aFlorida :
_bMFE, Editorial
_bNational Institute of Early Education,
_c2000
300 _a256 páginas ;
_c22 cm.
336 _2rdacontent
_atexto
_btxt
337 _2rdamedia
_asin mediación
_bn
338 _2rdacarrier
_avolumen
_bnc
505 _aPrólogo 5|Introducción 8|PRIMERA PARTE 11|La pareja y la decisión matrimonial 11|La pareja como proyecto familiar 21|SEGUNDA PARTE 32|La decisión de tener hijos 32|El primer hijo: clones de probeta o ser humano 48|Los primeros doce meses 63|El segundo año: los cimientos del carácter 77|El tercer año y el inicio de la socialización 109|TERCERA PARTE 133|Tercero-cuarto y quinto año: la elección del sexo 133|Segunda etapa de socialización: la escuela 160|Defendiéndonos de las malas influencias externas 177|La pubertad: la cuna de las tormentas 191|Extensiones y apéndices 223|Indice 252
590 _aInventariado,2025/DG
650 0 _aCrianza de niños
_94212
650 4 _aPADRES E HIJOS
_9796
650 4 _aPATERNIDAD (PSICOLOGIA)
_xENSEÑANZA
_922240
650 0 _aPsicología infantil
_92718
910 _aDG
942 _2ddc
_cLBS1
999 _c58556
_d58556